00952nam a2200253Ia 450000500170000000800390001702000150005604100080007110000330007924500710011225000220018326400330020530000260023833600270026433700330029133800280032449000230035250501470037565000490052265000490057170000320062004000350065208400110068720220316235326.0121119s1998 ck gr 000 j spa a958300457X0 aspa1 aQuiroga, Horacio,d1878-193710aHistorias inmoralescHoracio Quiroga ; ilustrado por Juanita Isaza aPrimera edición 1aBogotábPanamericanac1998 a246 páginasc15 cm. atextobtxt2rdacontent asin mediaciónbn2rdamedia avolumenbnc2rdacarrier0 aCajón de cuentos0 a1.El solitario -- 2.Nuestro primer cigarro -- 3.Las Julietas -- 4.Los ojos sombríos -- 5.Una historia inmoral -- 6.Una estación de amor. 142LEMBaCuentos juveniles uruguayosySiglo XIX142LEMBaLiteratura juvenil uruguayaySiglo XIX1 aIsaza, Juanitaeilustradora aCO-BoRNBPbspaerdacCO-BoRNBP aC QUI1